000 00684nam a2200157 a 4500
001 000033838
005 20200930070547.0
008 110913s1778 sp 000 0 spa d
040 _aDO-SdBNP
_bspa
_cBNPHU
082 _axxxx
_bG748s
100 1 _aGranada, Luis de
_d1504-1588.
_934934
245 1 4 _aLos seis libros de la rhetorica eclesiastica, o de la manera de predicar, /
_cescritos en latín por el V. P. Maestro Fr. Luis de Granada ; vertidos en español, y dados a luz de orden del Ilustrísimo Señor Obispo de Barcelona, para instruccion de sus feligreses.
260 _aBarcelona :
_bImprenta de Juan Lolis,
_c1778.
300 _a562 p. ;
_c20 cm.
500 _aQuinta impresión
999 _c33329
_d33329